000 00390nam a2200145Ia 4500
005 20251222153650.0
008 251222s9999||||xx |||||||||||||| ||spa||
020 _a9786124366192
082 _a353.535/C34
100 _aCastillo Aparicio, Johnny
245 0 _aViolencia Contra las Mujeres y los Integrantes
250 _a1ra. ed.
264 _bJurista Editores E. I. R. L.
942 _cLIB
999 _c33096
_d33096